[Event "Bogota McGregor op 1st"]
[Site "Bogota"]
[Date "2010.12.07"]
[Round "8"]
[White "Gonzalez Torres, David"]
[Black "Cordova, Emilio"]
[Result "0-1"]
[WhiteElo "2627"]
[BlackElo "2530"]
[PlyCount "74"]
[EventDate "2010.12.03"]
[EventType "swiss"]
[EventRounds "10"]
[EventCountry "COL"]
[SourceTitle "CBM 139 Extra"]
[Source "ChessBase"]
[SourceDate "2011.01.05"]
[SourceVersion "1"]
[SourceVersionDate "2011.01.05"]
[SourceQuality "1"]

1. d4 Nf6 2. c4 e6 3. Nc3 Bb4 4. e3 b6 5. Bd3 Bb7 6. Nf3 0-0 7. 0-0 Bxc3 8. bxc3 Ne4 9. Ne1 f5 10. f3 Nf6 11. c5 bxc5 12. Ba3 Nd5 13. Qc1 f4 14. e4 Ne3 15. Rf2 Qg5 16. Qb1 Bc6 17. Bxc5 d6 18. Ba3 Nd7 19. c4 Rab8 20. Qc1 Ba4 21. e5 c5 22. Rb1 dxe5 23. dxc5 Bc6 24. Rxb8 Rxb8 25. Nc2 e4 26. Bxe4 Bxe4 27. fxe4 Ne5 28. Nxe3 Nd3 29. Qc2 Nxf2 30. Nf1 Ng4 31. c6 Rc8 32. Qd2 Ne3 33. Nxe3 fxe3 34. Qd7 Rd8 35. Qxe6+ Kh8 36. g3 e2 37. Bb4 Qc1+ 0-1